Aprendiendo a redactar 3

Uloženo v:
Podrobná bibliografie
Hlavní autoři: Balmaceda Riera, Carmen (Autor), Del Valle Vidal, Ana María (Autor)
Médium: Kniha
Jazyk:španělština
Vydáno: Santiago Santillana 1993
Témata:
Tagy: Přidat tag
Žádné tagy, Buďte první, kdo vytvoří štítek k tomuto záznamu!

MARC

LEADER 00000nam a2200000 a 4500
001 UCH8212
003 CL-VaPUC
008 091127e19930000CL |||||||||||||||||spa|d
020 |a 9561503050 
082 0 4 |a 372.62  |b BAL  |2 21 
100 0 |a Balmaceda Riera, Carmen  |e author  |9 544667 
700 0 |a Del Valle Vidal, Ana María  |e author  |9 544668 
245 1 0 |a Aprendiendo a redactar 3 
300 |a 64 p 
942 |c BK 
945 |d 20091127 00:00:00  |a lazolas 
260 |a Santiago  |b Santillana  |c 1993 
650 0 |a Educación  |9 258661 
650 0 |a Recursos educacionales   |9 283370 
650 0 |a Gramática española  |9 403055 
650 0 |a Lingüística  |9 265068 
650 0 |a Redacción de textos  |9 446760 
650 0 |a Composición literaria  |9 324494 
650 0 |a Ejercicios de escritura  |9 346986 
583 |a last modification  |c 20091127 00:00:00  |k Rodrigo Vera 
999 |c 338445  |d 338443